000 00877nam a22002657i 4500
003 DO-SdBNP
005 20241217111028.0
007 ta
008 240517b2023 dr ||||| |||| 00| 0 spa d
020 _a9789945187700
040 _aDO-SdBNP
_bspa
_cBNPHU
_erda
041 _aspa
082 0 4 _a0
_b0
100 1 _dCortorreal Pujols, Mayra,
_eautor
_985496
_4aut.
245 1 0 _aVictoria Sabiduría y productividad para cada día 2024 /
_cMayra Cortorreal Pujols.
264 1 _aSanto Domingo, República Dominicana :
_bEdición y Distribución En Ciernes,
_c©2023.
300 _a532 páginas ;
_c23 cm.
336 _atexto
_btxt
_2rdacontent
337 _asin mediación
_bn
_2rdamedia
338 _avolumen
_bnc
_2rdacarrier
590 _aInventariado, 2024 /LP
590 _aLa biblioteca posee 1 ejemplar autografiado por la autora
910 _aLP
942 _2ddc
_cLBS1
999 _c56687
_d56687